| 000 | 00306 a2200109 4500 | ||
|---|---|---|---|
| 001 | 63296 | ||
| 082 | _a010.5491 NLP | ||
| 090 |
_c37338 _d37338 |
||
| 100 | _aNational Library of Pakistan | ||
| 245 |
_aThe Pakistan National Bibliography 2000 _hEnglish |
||
| 260 |
_aPakistan _bNational Library of Pakistan |
||
| 942 |
_aCAE NUST _k010.5491 NLP |
||
| 999 |
_c298369 _d298369 |
||